000 01041nam0a22002531 4500
001 rc\4415721
005 20260407122711.0
021 _aRU
_bРг2606-64
035 _a(NLR Aleph) 008304826
090 _a8659135
_c8659135
100 _a20130416d1963 |||y0rusy50 ca
101 0 _arus
102 _aRU
105 _ay z |||a|
200 1 _aЗа тесную связь теории с практикой в лекционной пропаганде
_e(Рассказы об опыте лекторов)
_eДля обсуждения
_fМоск. гор. отд-ние о-ва "Знание". Москворецкое район. отд-ние о-ва "Знание"
210 _aМосква
_cБ. и.
_d1963
215 _a54 л.
_d29
300 _aОтпеч. множит. аппаратом
712 0 2 _a"Знание", о-во РСФСР
_bМосковское гор. отделение
_3RU\NLR\AUTH\889959504
_9415180
801 0 _aRU
_bNLR
_gpsbo
801 1 _aRU
_bELAR
_2rusmarc
852 _aNLR
_j64-8/845
942 _cBOOK
980 _aNB